000 00336nam a2200133Ia 4500
008 161229s9999 xx 000 0 und d
020 _a8173910340
082 _a334.5 PER/CO
100 _aPerumal,R
245 _aConsumers' cooperatives in India
260 _bKanishka publishers distributors
_aDelhi
300 _a222
942 _cBK
999 _c152130
_d152130